000 00719nam a2200229 a 4500
001 BRCA_6276
005 20190320205409.0
008 020811s1912----gw-abc####---#000-0#ger-#
041 _ager
044 _agw
050 4 _aDL418
_b.A58 1912
100 1 _aAmunsen, Roald
_915742
245 1 0 _aDie Eroberung des Suedpols
_bdie norwegische Suedpolfahrt mit dem fram 1910-1912
_cRoald Amunsen.
260 _aMúnich
_bJ. F. Lehmann
_c1912
300 _a2 v.
_bil. (algunas a color), mapas, retratos
_c23 cm.
500 _aIncluye índice alfabético
500 _aK133
651 4 _aNoruega
_xDescripción y viajes
_915743
651 4 _aRegiones árticas
_xDescripción y viajes
_915744
902 _aGFM
942 _2lcc
_cB
999 _c5963
_d5963